Труды Олонецкой научной экспедиции. Ч. 8: Использование (Запись № 5281009)

Подробности
000 -МАРКЕР
контрольное поле 02906nam2a2200409 4500
001 - ИДЕНТИФИКАТОР ЗАПИСИ
контрольное поле rc\2646944
005 - ИДЕНТИФИКАТОР ВЕРСИИ
контрольное поле 20250529190758.0
035 ## - ДРУГИЕ СИСТЕМНЫЕ НОМЕРА
Идентификатор записи (NLR Aleph) 006954618
100 ## - ДАННЫЕ ОБЩЕЙ ОБРАБОТКИ
Данные общей обработки 20110609d1929 |||y0rusy50 ca
101 0# - ЯЗЫК РЕСУРСА
Язык текста, звукозаписи и т.д. русский
Язык резюме немецкий
102 ## - СТРАНА ПУБЛИКАЦИИ ИЛИ ПРОИЗВОДСТВА
Страна публикации российская федерация
105 ## - ПОЛЕ КОДИРОВАННЫХ ДАННЫХ: ТЕКСТОВЫЕ МАТЕРИАЛЫ, МОНОГРАФИЧЕСКИЕ
Кодированные данные о монографическом текстовом документе ab||z|||000zy
200 1# - ЗАГЛАВИЕ И СВЕДЕНИЯ ОБ ОТВЕТСТВЕННОСТИ
Основное заглавие Использование
Параллельное заглавие Exploitation
Обозначение и номер части вып. 3
Наименование части Рыбы и рыбный промысел Сегозера
Параллельное заглавие Les poissons et les pêches du lac Segozero
Наименование части Рыбы и рыбный промысел озер Онего-Беломорского водораздела
Параллельное заглавие Les poissons et les pêches des lacs de la région entre la mer Blanche et le lac Onéga
Первые сведения об ответственности Л. О. Паллон
Язык параллельного заглавия французский
210 ## - ПУБЛИКАЦИЯ, РАСПРОСТРАНЕНИЕ И ДР.
Дата издания, распространения и т.д. 1929
Место издания, распространения и т.д. Б. м.
215 ## - ФИЗИЧЕСКАЯ ХАРАКТЕРИСТИКА
Специфическое обозначение материала и объем 104 с.
Другие сведения о физической характеристике карта, табл.
300 ## - ОБЩИЕ ПРИМЕЧАНИЯ
Текст примечания Авт. также на фр. яз.: L. Pallon, P. Domratchev
300 ## - ОБЩИЕ ПРИМЕЧАНИЯ
Текст примечания Рез. на нем. яз.
320 ## - ПРИМЕЧАНИЯ О НАЛИЧИИ В ДОКУМЕНТЕ БИБЛИОГРАФИИ / УКАЗАТЕЛЯ
Текст примечания Библиогр. в подстроч. примеч.
423 #0 - ИЗДАЕТСЯ В ОДНОЙ ОБЛОЖКЕ ВМЕСТЕ С ...
Встроенное поле 2001#$aОзера Заонежья. Рыбохозяйственный очерк$dLes lacs de la région Transonégienne. Un aperçu sur les pêches$fП. Ф. Домрачев$zfre
-- 210##$aЛенинград$d1929
-- 215##$aС. 37-86
-- 701#1$aДомрачев$bП. Ф.$f1889-1941$gПавел Федорович$3RU\NLR\AUTH\770249388
Заглавие Озера Заонежья. Рыбохозяйственный очерк
461 #0 - УРОВЕНЬ НАБОРА
Встроенное поле 001RU\NLR\BIBL_A\012925293
-- 2001#$aТруды Олонецкой научной экспедиции$dTravaux de l'expédition scientifique d'Olonetz$fГосударственный гидрологический институт$zfre$vЧ. 8
Системный номер (АБИС) связанной записи 12657150
Автор Олонецкая научная экспедиция
Место публикации Ленинград
Дата публикации 1926
Первые сведения об ответственности Государственный гидрологический институт
Параллельное заглавие Travaux de l'expédition scientifique d'Olonetz
Имя издателя, распространителя и т.д. издание Государственного гидрологического института
Заглавие Труды Олонецкой научной экспедиции
Номер тома Ч. 8
510 1# - ПАРАЛЛЕЛЬНОЕ ЗАГЛАВИЕ
Параллельное заглавие Exploitation
Язык заглавия французский
510 1# - ПАРАЛЛЕЛЬНОЕ ЗАГЛАВИЕ
Связь между полями z11790
Параллельное заглавие Les poissons et les pêches du lac Segozero
Язык заглавия французский
510 1# - ПАРАЛЛЕЛЬНОЕ ЗАГЛАВИЕ
Связь между полями z12790
Параллельное заглавие Les poissons et les pêches des lacs de la région entre la mer Blanche et le lac Onéga
Язык заглавия французский
510 1# - ПАРАЛЛЕЛЬНОЕ ЗАГЛАВИЕ
Связь между полями z13790
Параллельное заглавие Les lacs de la région Transonégienne. Un aperçu sur les pêches
Язык заглавия французский
701 #1 - ИМЯ ЛИЦА - АЛЬТЕРНАТИВНАЯ ОТВЕТСТВЕННОСТЬ
Начальный элемент ввода Паллон
Часть имени, кроме начального элемента ввода Л. О.
Даты 1888-1942
Расширение инициалов личного имени Лев Осипович
790 #1 - ИМЯ ЛИЦА - АЛЬТЕРНАТИВНАЯ ФОРМА
Связь между полями z11510
Начальный элемент ввода Pallon
Часть имени, кроме начального элемента ввода L. O.
Даты 1888-1942
Расширение инициалов личного имени Lev Osipovič
790 #1 - ИМЯ ЛИЦА - АЛЬТЕРНАТИВНАЯ ФОРМА
Связь между полями z12510
Начальный элемент ввода Pallon
Часть имени, кроме начального элемента ввода L. O.
Даты 1888-1942
Расширение инициалов личного имени Lev Osipovič
790 #1 - ИМЯ ЛИЦА - АЛЬТЕРНАТИВНАЯ ФОРМА
Графика поля Латинская
Материалы, к которым относится поле rus
Начальный элемент ввода Domračev
Часть имени, кроме начального элемента ввода P. F.
Даты 1889-1941
Расширение инициалов личного имени Pavel Fedorovič
Системный номер авторитетной/нормативной записи 249336
Идентификатор авторитетной/нормативной записи RU\NLR\AUTH\770249392
801 #0 - ИСТОЧНИК ЗАПИСИ
Страна российская федерация
Организация NLR
Правила каталогизации psbo
801 #1 - ИСТОЧНИК ЗАПИСИ
Страна российская федерация
Организация ELAR
Источник данных rusmarc
852 ## - МЕСТОНАХОЖДЕНИЕ И ШИФР ХРАНЕНИЯ
Идентификатор организации NLR
Шифр хранения (Call Number) 17.142.4.55(8-3)
852 ## - МЕСТОНАХОЖДЕНИЕ И ШИФР ХРАНЕНИЯ
Идентификатор организации NLR
Шифр хранения (Call Number) 94/548(8-3)
942 ## - ДОПОЛНИТЕЛЬНЫЕ ЭЛЕМЕНТЫ ЗАПИСИ (АБИС)
Тип экземпляра АБИС Книга
980 ## - КОЛЛЕКЦИЯ
Название коллекции Национальная библиография
Экземпляры
Тип экземпляра Дата поступления Библиотека постоянного хранения Библиотека текущего хранения Место хранения Шифр хранения Штрих-код Статус не для выдачи
Книга 26.10.2013 РНБ (Садовая) РНБ (Садовая) Русский книжный фонд -Главное здание, Ленинский читальный зал 17.142.4.55(8-3) 6954618-10  
Книга 26.10.2013 РНБ (Садовая) РНБ (Садовая) Русский книжный фонд -Главное здание, Ленинский читальный зал 94/548(8-3) 6954618-30